Erforschen, Erhalten und Verbreiten: Zum 50. Todestag von Dr.-Ing. Curt Liebich am 3. Dezember 2016
| Titel: | Erforschen, Erhalten und Verbreiten: Zum 50. Todestag von Dr.-Ing. Curt Liebich am 3. Dezember 2016 / Annette vom Hagen |
|---|---|
| Verfasser: | |
| In: |
Zeitschrift für ostdeutsche Familiengeschichte, Band 65, Heft 2 (2017), Seite 185-186 alle Artikel anzeigen |
| Veröffentlicht: | 2017 |
| Umfang: | 1 Illustration |
| Format: | Aufsatz |
| Sprache: | Deutsch |
X
alg: 49679156 001A $03025:12-07-22 001B $01999:12-07-22 $t22:43:46.000 001D $03025:12-07-22 001U $0utf8 001X $00 002@ $0Aou 002C $aText $btxt $2rdacontent 002D $aohne Hilfsmittel zu benutzen $bn $2rdamedia 002E $aBand $bnc $2rdacarrier 003@ $0496791567 007A $0496791567 $aHEB 010@ $ager 010E $erda 011@ $a2017 021A $aErforschen, Erhalten und Verbreiten: Zum 50. Todestag von Dr.-Ing. Curt Liebich am 3. Dezember 2016 $hAnnette vom Hagen 028A $BVerfasser $4aut $8Hagen, Annette vom [Tp3] $9496791621 031A $d65 $e2 $h185-186 $j2017 034M $a1 Illustration 039B $aEnthalten in $8--Abvc--. Zeitschrift für ostdeutsche Familiengeschichte. - Herne : AGoFF, 2010-. - ISSN 2190-7145 $x201700000650002815 $922184872X 044K $71042652686 $8Liebich, Curt$Z1890-1966 [Tp1] $9332311104 044K $RHistorische Hilfswissenschaften $RAbstammung $RLineage $RGenealoge $#Genealogy $#Généalogie $#Genealogie $#Ahnenforschung $#Ahnenkunde $#Familienforschung Genealogie $#Familiengeschichte Genealogie $#Familienkunde $#Historische Familienforschung $#Sippenkunde $#Abstammung Genealogie $#Herkunft Genealogie $74020097-8 $8Genealogie [Ts1] $9085048054 045F $a929.0943850904 $eDDC23BSB 045F/01 $a929 045F/03 $f0904 045F/03 $g4385 045F/03 $g43 045R $aGeschichte 1890-1966 045T $a8 $a8,1 lok: 49679156 78 exp: 49679156 78 1 #EPN 201B/01 $012-07-22 $t13:13:50.000 201C/01 $012-07-22 201U/01 $0utf8 203@/01 $01206723491 208@/01 $a12-07-22 $be 209A/01 $a/ $f000 $x00 209A/01 $ab*p $x01 220C/01 $apgar 244Z/01 $#Schlesien $#Schlesien $#Herzogtum Schlesien $#Herzogtum Schlesien Schlesien $#Provinz Schlesien $#Śla̜sk $#Slezsko $#Silesia $74052678-1 $8--Tg1--Schlesien $x01 $9085146781 247C/01 $82080>Marburg/Lahn, Herder-Institut, Forschungsbibliothek, Bibliographieportal $9336309341
| LEADER | 00000caa a2200000 c 4500 | ||
|---|---|---|---|
| 001 | 496791567 | ||
| 003 | DE-603 | ||
| 005 | 20220712224346.0 | ||
| 007 | tu | ||
| 008 | 220712s2017 xx |||| | u00||u|ger c | ||
| 035 | |a (DE-599)HEB496791567 | ||
| 040 | |a DE-603 |b ger |c DE-603 |d DE-603 |e rda | ||
| 041 | |a ger | ||
| 082 | 0 | 4 | |8 1\u |a 929.0943850904 |q DE-101 |2 23/BSB |
| 084 | |a 8 |a 8,1 |2 ssgn | ||
| 085 | |8 1\u |b 929 | ||
| 085 | |8 1\u |z 1 |s 0904 | ||
| 085 | |8 1\u |z 2 |s 4385 | ||
| 085 | |8 1\u |z 2 |s 43 | ||
| 100 | 1 | |a Hagen, Annette vom |e Verfasser |4 aut |0 (DE-603)496791621 |0 (DE-588)1262346495 |2 gnd | |
| 245 | 0 | 0 | |a Erforschen, Erhalten und Verbreiten: Zum 50. Todestag von Dr.-Ing. Curt Liebich am 3. Dezember 2016 |c Annette vom Hagen |
| 264 | 0 | |c 2017 | |
| 300 | |b 1 Illustration | ||
| 336 | |a Text |b txt |2 rdacontent | ||
| 337 | |a ohne Hilfsmittel zu benutzen |b n |2 rdamedia | ||
| 338 | |a Band |b nc |2 rdacarrier | ||
| 600 | 1 | 7 | |a Liebich, Curt |d 1890-1966 |0 (DE-588)1042652686 |0 (DE-603)332311104 |2 gnd |
| 648 | 7 | |a Geschichte 1890-1966 |2 gnd | |
| 650 | 7 | |a Genealogie |0 (DE-588)4020097-8 |0 (DE-603)085048054 |2 gnd | |
| 773 | 0 | 8 | |i Enthalten in |t Zeitschrift für ostdeutsche Familiengeschichte |d Herne : AGoFF, 2010- |h 24 cm |x 2190-7145 |g Band 65, Heft 2 (2017), Seite 185-186 |w (DE-603)22184872X |w (DE-600)2545295-2 |
| 924 | 0 | |9 2080 |a (DE-603)1206723491 |b DE-2080 |c HES |d d |g / | |


